Divus Thomas Aquinas Magnus Doctor ... Consveta Panegyri Ejus honori dicata Inauguratus In Ecclesia Sancti Aegidij Vetero-Pragae ... A ... Anno MDCCV.

Hlavní autor: Neuman z Pucholce, Václav Xaver
Další autoři: Tomáš Akvinský, svatý, 1225-1274
Jazyk: Latina
Vydáno: Vetero-Pragae : Barbara Francisca Beringerin, 1705
Témata:
Fyzický popis: [1], A4, B2 [=7] listů, [1] příl. ; 4°
Knihy
Uloženo v:
LEADER 01434nam a22003497a 4500
001 mzk03001087987
003 CZ BrMZK
005 20111220151526.0
007 ta
008 110524s1705 xr f fr|||||00| ||latod
040 |a BOA001  |b cze  |c BOA001 
072 7 |a 094  |x Staré tisky  |2 Konspekt  |9 12 
080 |a (0.068)094  |2 MRF 
100 1 |a Neuman z Pucholce, Václav Xaver  |4 aut 
245 1 0 |a Divus Thomas Aquinas Magnus Doctor ... Consveta Panegyri Ejus honori dicata Inauguratus In Ecclesia Sancti Aegidij Vetero-Pragae ... A ... Anno MDCCV. 
260 |a Vetero-Pragae :  |b Barbara Francisca Beringerin,  |c 1705  |f (per Matthiam Seissenhoffer) 
300 |a [1], A4, B2 [=7] listů, [1] příl. ;  |c 4° 
500 |a Výzdoba: Frontispis 
501 |a Přívazek 18 k: Allocutio Habita in Comitiis Generalibus Fratrum Ordinis Praedicatorum In Conventu S. Mariae Super Minervam ... / Benedikt XIV. 
561 |a Provenience: Ad usum Fris. Jacobi Bistrzicky O.P. 
590 |a Chybí frontispis 
655 7 |a staré tisky  |7 fd422076  |2 czenas 
700 0 |a Tomáš Akvinský,  |c svatý,  |d 1225-1274  |7 jn19981002237  |4 hnr 
903 |a RP 
910 |a ZNE450  |b ZD-1.VI/2.29,přív.18 
978 |b Beringerová, Barbora Františka  |a Praha  |c 1705 
978 |b Seissenhoffer, Matěj  |a Praha  |c 1705 
984 |a Praha  |b Česko 
985 |a 1701-1750 
990 |a BK 
991 |k znojmo 
994 |a UP  |l MZK03  |b 001087938  |m přívazek 18  |n záznam 1. díla